000 00421cam a22001337a 4500
008 180718b1959 xxu||||| |||| 00| 0 eng d
082 _aZx52 Ag85/2
100 _aKajita, Masaru
245 _aLand reform in Japan
_cby Masaru Kajita
260 _aTokyo
_bAgriculture, Forestry and Fisheries Productivity Conference
_c1959
300 _a52p..
440 _aAgricultural Development Series, 2
650 _aLand Tenure - Japan
999 _c371047
_d371047